Hoá học đại cương ( Phần cấu tạo chất )

में बचाया:
ग्रंथसूची विवरण
मुख्य लेखक: Phạm Văn Nhiêu
स्वरूप: पुस्तक
भाषा:Undetermined
प्रकाशित: H. ĐHQG 2003
विषय:
टैग : टैग जोड़ें
कोई टैग नहीं, इस रिकॉर्ड को टैग करने वाले पहले व्यक्ति बनें!
Thư viện lưu trữ: Trung tâm Học liệu Trường Đại học Cần Thơ
LEADER 00501nam a2200169Ia 4500
001 CTU_55587
008 210402s9999 xx 000 0 und d
020 |b 15000 
082 |a 541.28 
082 |b Nh309 
100 |a Phạm Văn Nhiêu 
245 0 |a Hoá học đại cương ( Phần cấu tạo chất ) 
260 |a H. 
260 |b ĐHQG 
260 |c 2003 
650 |a chemistry, physical and theoretical,quantum chemistry 
980 |a Trung tâm Học liệu Trường Đại học Cần Thơ